000 00766nam a2200229Ia 4500
003 GCL
008 140319s9999 xx 000 0 ara d
040 _aGCL /
_cGCL
082 0 4 _a658.3
_bن ا
100 1 _aمدحت مصطفى راغب
245 1 0 _aادارة الافراد والعلاقات الانسانية /
_cمدحت مصطفى راغب
700 1 _aنبيل الحسينى النجار
260 _a[S.N] :
_bالشركة العربية للنشر والتوزيع
300 _a684 ص
490 _a
650 0 4 _aالعلاقات الانسانية
650 0 4 _aالقوى العاملة
650 0 4 _aادارة الافراد
650 0 4 _aتحليل الوظائف
650 0 4 _aالعلاقات الوظيفية
942 _2ddc
_cBK
999 _c36859
_d36859